00445 2200169 4500001002100000005001500021008004100036020001800077035001900095041000700114082001000121090001600131100003700147245002600184260004000210300002500250INLIS00000000000083420241224112235241224||||||||| | ||| |||| || |  a979-769-037-7 0010-1224000834 aid0 a332.1 a332.1 ABD b0 aAbdul Wahab Ibrahim Abu Sulaiman00abanking cards syariah aJakartabRajaGrafindo Persadac2006 axxii, 198 hlm; 21 cm